[Event "Belgrade Trophy 25th"]
[Site "Obrenovac"]
[Date "2011.11.24"]
[Round "1"]
[White "Mrdak, Milomir"]
[Black "Damljanovic, Branko"]
[Result "0-1"]
[WhiteElo "2059"]
[BlackElo "2597"]
[PlyCount "44"]
[EventDate "2011.11.24"]
[EventType "swiss"]
[EventRounds "9"]
[EventCountry "YUG"]
[SourceTitle "CBM 145 Extra"]
[Source "ChessBase"]
[SourceDate "2012.01.03"]
[SourceVersion "1"]
[SourceVersionDate "2012.01.03"]
[SourceQuality "1"]

1. d4 Nf6 2. Nf3 g6 3. c4 Bg7 4. Nc3 d6 5. e4 0-0 6. Be2 e5 7. 0-0 c6 8. Be3 exd4 9. Nxd4 Re8 10. f3 d5 11. cxd5 Nxd5 12. Bf2 Nf4 13. Re1 Qg5 14. g3 Nh3+ 15. Kg2 Nxf2 16. Kxf2 Qc5 17. Rc1 Qxd4+ 18. Kg2 Qxd1 19. Rexd1 Be6 20. Rd6 Nd7 21. Rcd1 Bxc3 22. bxc3 Nb6 0-1

[Event "Belgrade-chT Quality"]
[Site "Belgrade"]
[Date "2011.10.23"]
[Round "4"]
[White "Mrdak, Milomir"]
[Black "Kovacic, Misa"]
[Result "1/2-1/2"]
[WhiteElo "2059"]
[BlackElo "2122"]
[PlyCount "77"]
[EventDate "2011.10.15"]
[EventType "team-swiss"]
[EventRounds "11"]
[EventCountry "SRB"]
[SourceTitle "EXT 2012"]
[Source "ChessBase"]
[SourceDate "2011.11.24"]
[SourceVersion "1"]
[SourceVersionDate "2011.11.24"]
[SourceQuality "1"]

1. d4 c5 2. d5 e5 3. c4 d6 4. Nc3 Be7 5. Nf3 Nf6 6. e4 0-0 7. h3 Nbd7 8. g4 g6 9. Be3 Re8 10. Bd3 Bf8 11. Qd2 a6 12. a4 b6 13. Rg1 Bg7 14. h4 Nf8 15. Bg5 h6 16. Bxf6 Qxf6 17. Qe3 Qf4 18. Ne2 Qxe3 19. fxe3 Bd7 20. Nc3 Reb8 21. Kd2 Be8 22. g5 f6 23. gxh6 Bxh6 24. h5 g5 25. Nh4 Bd7 26. Nf5 Bxf5 27. exf5 Kf7 28. Ne4 Ke7 29. Nf2 Kf7 30. Ng4 Kg7 31. Ra3 a5 32. Rb3 Rb7 33. Rb5 Nd7 34. Rb3 Nb8 35. Nf2 Na6 36. Ne4 Rd8 37. Ra3 Nb4 38. Be2 Kf7 39. Raa1 1/2-1/2

[Event "Belgrade-chT Quality"]
[Site "Belgrade"]
[Date "2011.10.15"]
[Round "1"]
[White "Mitic, Miroljub"]
[Black "Mrdak, Milomir"]
[Result "1-0"]
[WhiteElo "2269"]
[BlackElo "2059"]
[PlyCount "77"]
[EventDate "2011.10.15"]
[EventType "team-swiss"]
[EventRounds "11"]
[EventCountry "SRB"]
[SourceTitle "EXT 2012"]
[Source "ChessBase"]
[SourceDate "2011.11.24"]
[SourceVersion "1"]
[SourceVersionDate "2011.11.24"]
[SourceQuality "1"]

1. d4 Nf6 2. c4 d6 3. Nc3 Nbd7 4. e4 e5 5. d5 g6 6. Be3 Bg7 7. f3 0-0 8. Qd2 Nh5 9. g4 Nf4 10. 0-0-0 a6 11. Nge2 b5 12. Ng3 bxc4 13. h4 Nc5 14. Bxc4 a5 15. h5 Bd7 16. hxg6 hxg6 17. Qh2 Re8 18. Rdg1 Kf8 19. Qh7 Rb8 20. Rh2 Qg5 21. Kb1 Rb4 22. Bf1 Reb8 23. Rc2 Ba4 24. Nxa4 Nxa4 25. Bc1 Rd4 26. Be2 Nc5 27. Qh1 Ke7 28. Rd1 Bf6 29. Qe1 Rxd1 30. Qxd1 Qh4 31. Qg1 Rh8 32. Rxc5 dxc5 33. Qxc5+ Kd7 34. Bb5+ Kc8 35. Bxf4 exf4 36. Qc6 Qh1+ 37. Nxh1 Rxh1+ 38. Kc2 Rh2+ 39. Kd3 1-0

[Event "Belgrade tt Cup"]
[Site "Belgrade"]
[Date "2011.04.16"]
[Round "4"]
[White "Rakic, Teodora"]
[Black "Mrdak, Milomir"]
[Result "0-1"]
[WhiteElo "1784"]
[BlackElo "2051"]
[PlyCount "98"]
[EventDate "2011.04.13"]
[EventType "team-tourn"]
[EventRounds "5"]
[EventCountry "SRB"]
[SourceTitle "CBM 141 Extra"]
[Source "ChessBase"]
[SourceDate "2011.05.03"]
[SourceVersion "1"]
[SourceVersionDate "2011.05.03"]
[SourceQuality "1"]

1. d4 Nf6 2. c4 d6 3. Nf3 Nbd7 4. g3 c6 5. Bg2 g6 6. 0-0 Bg7 7. Nc3 0-0 8. Qc2 e5 9. Rd1 Qe7 10. dxe5 dxe5 11. a3 Nc5 12. b4 Bf5 13. Qb2 Nce4 14. Nxe4 Nxe4 15. Qb3 Nd6 16. c5 Nb5 17. Bb2 Rad8 18. a4 Nd4 19. Nxd4 exd4 20. Qc4 Rfe8 21. Bxd4 Bxd4 22. Rxd4 Rxd4 23. Qxd4 Qxe2 24. Qd1 Qc4 25. Qd2 Re2 26. Bf1 Rxd2 27. Bxc4 Rb2 28. b5 Rb4 29. Bf1 Be4 30. bxc6 Bxc6 31. Bb5 Bf3 32. Rc1 a6 33. Bd7 Kf8 34. Ra1 Ke7 35. Bh3 Rc4 36. Rb1 Rxc5 37. Rb3 Bd5 38. Rb1 b5 39. axb5 axb5 40. Bf1 Bc4 41. Bxc4 bxc4 42. f3 c3 43. Rc1 Kd6 44. Kf2 Kd5 45. Ke3 Kc4 46. Ke2 Re5+ 47. Kd1 Rd5+ 48. Kc2 Rd2+ 49. Kb1 Kd3 0-1

[Event "Belgrade Trophy 23rd"]
[Site "Obrenovac"]
[Date "2010.12.01"]
[Round "8"]
[White "Mrdak, Milomir"]
[Black "Dedic, Slavko"]
[Result "1-0"]
[WhiteElo "2061"]
[BlackElo "1914"]
[PlyCount "47"]
[EventDate "2010.11.24"]
[EventType "swiss"]
[EventRounds "9"]
[EventCountry "YUG"]
[SourceTitle "CBM 139 Extra"]
[Source "ChessBase"]
[SourceDate "2011.01.05"]
[SourceVersion "1"]
[SourceVersionDate "2011.01.05"]
[SourceQuality "1"]

1. d4 e6 2. Nf3 d5 3. c4 Nf6 4. Nc3 h6 5. Bf4 Bd6 6. e3 Bxf4 7. exf4 dxc4 8. Bxc4 Nd5 9. g3 c6 10. 0-0 Nxc3 11. bxc3 Qa5 12. Rc1 Nd7 13. Qe2 Nf6 14. Ne5 0-0 15. Rfe1 Qc7 16. h4 h5 17. f3 g6 18. Bd3 Kg7 19. Kf2 Qd8 20. Qc2 Rg8 21. Bxg6 Nd7 22. Nxf7 Qf6 23. Bxh5 Rh8 24. Nxh8 1-0

[Event "Belgrade Trophy 23rd"]
[Site "Obrenovac"]
[Date "2010.11.30"]
[Round "7"]
[White "Zivanovic, Bojan"]
[Black "Mrdak, Milomir"]
[Result "1/2-1/2"]
[WhiteElo "1941"]
[BlackElo "2061"]
[PlyCount "139"]
[EventDate "2010.11.24"]
[EventType "swiss"]
[EventRounds "9"]
[EventCountry "YUG"]
[SourceTitle "CBM 139 Extra"]
[Source "ChessBase"]
[SourceDate "2011.01.05"]
[SourceVersion "1"]
[SourceVersionDate "2011.01.05"]
[SourceQuality "1"]

1. e4 c6 2. d4 d5 3. e5 Bf5 4. Nf3 e6 5. Be2 c5 6. c3 Nc6 7. 0-0 Qb6 8. b3 cxd4 9. cxd4 Nb4 10. Na3 a6 11. Bb2 Be7 12. Ne1 Nh6 13. Nac2 0-0 14. Nxb4 Bxb4 15. Nd3 Bxd3 16. Bxd3 Rac8 17. Rc1 Qa5 18. a3 Be7 19. b4 Qb6 20. Qd2 f5 21. Rxc8 Rxc8 22. Rc1 Rc6 23. Rxc6 Qxc6 24. Qc2 Qd7 25. Bc1 Nf7 26. Qb3 Nd8 27. b5 axb5 28. Bxb5 Qc7 29. Bb2 Kf7 30. a4 Nc6 31. Qc2 Qa5 32. Kf1 Qb6 33. Bxc6 bxc6 34. g3 c5 35. dxc5 Bxc5 36. Qd2 h6 37. Kg2 Qb4 38. Qxb4 Bxb4 39. Bd4 Ke7 40. Kf3 Kd7 41. Ke2 Kc6 42. f3 Bc5 43. Bc3 d4 44. Ba5 Kd5 45. Bc7 Kc4 46. a5 d3+ 47. Kd1 Kb5 48. Bd6 Be3 49. Bc7 h5 50. h3 g6 51. g4 hxg4 52. hxg4 Kc6 53. Bb8 Bc5 54. Kd2 Bb4+ 55. Kxd3 Bxa5 56. gxf5 gxf5 57. Bd6 Kd5 58. f4 Be1 59. Ba3 Bf2 60. Bc1 Bd4 61. Bd2 Bb2 62. Ke3 Kc4 63. Kf3 Kd3 64. Ba5 Kd4 65. Be1 Kd5 66. Bg3 Bc3 67. Ke3 Bd4+ 68. Kf3 Bg1 69. Be1 Kd4 70. Bg3 1/2-1/2

[Event "Belgrade Trophy 23rd"]
[Site "Obrenovac"]
[Date "2010.11.24"]
[Round "1"]
[White "Damljanovic, Branko"]
[Black "Mrdak, Milomir"]
[Result "1-0"]
[WhiteElo "2551"]
[BlackElo "2061"]
[PlyCount "67"]
[EventDate "2010.11.24"]
[EventType "swiss"]
[EventRounds "9"]
[EventCountry "YUG"]
[SourceTitle "CBM 139 Extra"]
[Source "ChessBase"]
[SourceDate "2011.01.05"]
[SourceVersion "1"]
[SourceVersionDate "2011.01.05"]
[SourceQuality "1"]

1. d4 Nf6 2. c4 g6 3. Nc3 Bg7 4. e4 d6 5. Nf3 Nbd7 6. Bd3 e5 7. 0-0 c6 8. h3 0-0 9. Re1 Nh5 10. d5 Nf4 11. Bf1 c5 12. g3 Nh5 13. a3 a6 14. Rb1 Qe8 15. b4 h6 16. Nh4 f5 17. exf5 gxf5 18. Be2 Ndf6 19. bxc5 dxc5 20. Na4 Qf7 21. Nb6 Rb8 22. Nxc8 Rbxc8 23. Nxf5 Ne4 24. Bg4 Nc3 25. Qc2 Nxb1 26. Nxh6+ Bxh6 27. Be6 Bxc1 28. Qxc1 Ng7 29. Bxf7+ Rxf7 30. Rxe5 Rcf8 31. f4 Nf5 32. Kf2 Rg7 33. Rxf5 Rxf5 34. Qxb1 1-0

[Event "Belgrade-chT Quality"]
[Site "Belgrade"]
[Date "2009.11.03"]
[Round "11"]
[White "Mrdak, Milomir"]
[Black "Ugrcic, Zoran"]
[Result "0-1"]
[WhiteElo "2077"]
[BlackElo "2090"]
[PlyCount "66"]
[EventDate "2009.10.11"]
[EventType "team-tourn"]
[EventRounds "11"]
[EventCountry "YUG"]
[SourceTitle "CBM 133 Extra"]
[Source "ChessBase"]
[SourceDate "2010.01.05"]
[SourceVersion "1"]
[SourceVersionDate "2010.01.05"]
[SourceQuality "1"]

1. d4 f5 2. g3 g6 3. Bg2 Bg7 4. Nf3 Nf6 5. c4 d6 6. d5 0-0 7. 0-0 c6 8. Nc3 Qc7 9. Re1 Na6 10. e4 fxe4 11. Nxe4 Nxe4 12. Rxe4 Nc5 13. Re1 Bg4 14. h3 Bxf3 15. Bxf3 Rf7 16. Bg2 Raf8 17. Re2 Nd7 18. f4 Nb6 19. Qd3 cxd5 20. cxd5 Rc8 21. Be3 Qc4 22. Qd1 Qb4 23. a3 Qb5 24. Rb1 Rc7 25. Kh2 Nc4 26. Bd4 Bxd4 27. Qxd4 Nxa3 28. Rbe1 Nc2 29. Qxa7 Nxe1 30. Rxe1 Rc2 31. Qd4 Qxb2 32. Qe4 Rd2 33. Rb1 Rxg2+ 0-1

[Event "Belgrade-chT Quality"]
[Site "Belgrade"]
[Date "2009.10.31"]
[Round "9"]
[White "Stanic, Aleksandar"]
[Black "Mrdak, Milomir"]
[Result "1-0"]
[WhiteElo "2173"]
[BlackElo "2077"]
[PlyCount "79"]
[EventDate "2009.10.11"]
[EventType "team-tourn"]
[EventRounds "11"]
[EventCountry "YUG"]
[SourceTitle "CBM 133 Extra"]
[Source "ChessBase"]
[SourceDate "2010.01.05"]
[SourceVersion "1"]
[SourceVersionDate "2010.01.05"]
[SourceQuality "1"]

1. d4 Nf6 2. Bg5 g6 3. Bxf6 exf6 4. e3 Bg7 5. c4 0-0 6. Nc3 f5 7. g3 d6 8. Bg2 Nd7 9. Nge2 Nf6 10. 0-0 Re8 11. Qd3 h5 12. h4 c6 13. b4 Rb8 14. b5 Bd7 15. a4 a5 16. Rab1 Bh6 17. Nf4 Ng4 18. Bf3 Bg7 19. Rb3 Bf6 20. Kg2 Re7 21. Rfb1 Rc8 22. bxc6 bxc6 23. Nd1 Be8 24. Rb6 Ra7 25. Nc3 Bd7 26. Qc2 Qe7 27. Nd1 Rcc7 28. Qb3 Kg7 29. Qd3 Be8 30. Rb8 Bd7 31. R1b6 Kh6 32. Nh3 Kg7 33. Nc3 Be8 34. Nf4 Bd7 35. Qd2 Be8 36. Nb1 Bd7 37. Qc3 Be8 38. Nd2 Bd7 39. Nb3 Bxh4 40. Bxg4 1-0